000 00938nam a2200325Ia 4500
003 OSt
005 20220912144703.0
006 a|||||r|||| 00| 0
007 ta
008 220909b |||||||| |||| 00| 0 eng d
020 _a9971512750 (pbk)
020 _aSL0859611
024 _a188684
037 _cTextual
040 _aCSL
_beng
_cCSL
041 _aeng
082 _aD65,8(B)91, P0;2
100 _aSilberschatz Abraham; Galvin Peter Baer
245 0 _aOperating system concepts
250 _a5
260 _asingapore
_bJohn wiley
_c2000
300 _axvii,894p.
500 _aBibliography 805-838p.; Credits 839-840p.; Index 841-888p.
650 _a Operating system
650 _aComputer science
700 _aSilberschatz Abraham; Galvin Peter Baer
942 _hD65,8(B)91, P0;2
_cTEXL
_2CC
999 _c15786
_d15786